000 00229nam a22001097a 4500
082 _a808.3 BUT'H
100 _aBUTTERWORTH, W. E
_979975
245 _aHOT SEAT
260 _aNEWYORK
_bSIGNET
_c1961
300 _a128P
942 _cBK
999 _c584953
_d584953